Campioni de la Copa del Mondo FIFA - Statistics

General Stats
  • This quiz has been taken 26 times
  • The average score is 17 of 22
Answer Stats
Ano Sede Campion % Correct
2022 Catar Arzentina
100%
2018 Russia França
96%
2014 Brasil Zermania
88%
2002 Giapon e Sud Corea Brasil
83%
2006 Zermania Italia
83%
2010 Sudafrica Spagna
83%
1970 Messico Brasil
79%
1998 França França
79%
1982 Spagna Italia
79%
1938 França Italia
79%
1934 Italia Italia
79%
1990 Italia Zermania
79%
1986 Messico Arzentina
75%
1978 Arzentina Arzentina
75%
1994 Stati Unidi d'America Brasil
75%
1966 Inghiltera Inghiltera
75%
1930 Uruguai Uruguai
75%
1974 Zermania Zermania
75%
1962 Chile Brasil
71%
1958 Svecia Brasil
71%
1950 Brasil Uruguai
71%
1954 Svicera Zermania
71%
No matching quizzes found
Score Distribution
Percent of People with Each Score
Percentile by Number Answered
Your Score History
You have not taken this quiz